[Event "DVM U16 2020"]
[Site "Willingen GER"]
[Date "2021.06.26"]
[Round "5"]
[White "Müller, Magnus"]
[Black "Haufe, Laurin"]
[Result "1-0"]
[Termination "normal"]
[Board "2.2"]
[WhiteElo "2090"]
[BlackElo "2052"]
[WhiteClock "00:48:31"]
[BlackClock "00:19:31"]
[WhiteTeam "ESV Gera"]
[BlackTeam "Schachgemeinschaft Leipzig"]
[PlyCount "91"]
[WhiteFideId "16230060"]
[BlackFideId "12976504"]
[EventCountry "GER"]
[EventRounds "7"]
[EventType "team-swiss"]
[EventDate "2021.06.23"]

1. e4 {[%clk 1:30:16]} c6 {[%clk 1:30:49]} 2. Nf3 {[%clk 1:30:38]} d5 {[%clk
1:30:54]} 3. Nc3 {[%clk 1:31:03]} Bg4 {[%clk 1:30:27]} 4. h3 {[%clk 1:31:26]}
Bxf3 {[%clk 1:30:26]} 5. Qxf3 {[%clk 1:31:49]} d4 {[%clk 1:30:02]} 6. Nb1
{[%clk 1:29:26]} e5 {[%clk 1:29:24]} 7. Be2 {[%clk 1:27:48]} Nd7 {[%clk
1:20:22]} 8. O-O {[%clk 1:27:36]} Ngf6 {[%clk 1:19:07]} 9. d3 {[%clk 1:27:31]}
Bd6 {[%clk 1:17:51]} 10. Qg3 {[%clk 1:24:28]} O-O {[%clk 1:16:36]} 11. f4
{[%clk 1:14:06]} exf4 {[%clk 1:12:52]} 12. Bxf4 {[%clk 1:13:12]} Bxf4 {[%clk
1:13:02]} 13. Qxf4 {[%clk 1:13:36]} Nc5 {[%clk 1:05:33]} 14. Nd2 {[%clk
1:11:18]} Ne6 {[%clk 1:05:13]} 15. Qf5 {[%clk 1:10:07]} Qc7 {[%clk 0:59:34]}
16. Rae1 {[%clk 0:57:50]} b5 {[%clk 0:51:41]} 17. a3 {[%clk 0:50:11]} Nd7
{[%clk 0:46:27]} 18. Qf2 {[%clk 0:48:32]} c5 {[%clk 0:38:47]} 19. Bg4 {[%clk
0:45:11]} Rae8 {[%clk 0:34:29]} 20. Nf3 {[%clk 0:41:21]} f6 {[%clk 0:28:49]}
21. b4 {[%clk 0:39:14]} Ne5 {[%clk 0:26:53]} 22. Nxe5 {[%clk 0:39:09]} Qxe5
{[%clk 0:27:17]} 23. Qf5 {[%clk 0:38:55]} c4 {[%clk 0:21:53]} 24. Qxe5 {[%clk
0:33:25]} fxe5 {[%clk 0:21:51]} 25. Rf5 {[%clk 0:33:28]} Nf4 {[%clk 0:15:56]}
26. Rxf8+ {[%clk 0:29:32]} Kxf8 {[%clk 0:14:15]} 27. g3 {[%clk 0:21:00]} Ne6
{[%clk 0:07:32]} 28. a4 {[%clk 0:20:18]} cxd3 {[%clk 0:05:54]} 29. cxd3 {[%clk
0:20:42]} Ke7 {[%clk 0:00:42]} 30. axb5 {[%clk 0:19:31]} Nc7 {[%clk 0:00:31]}
31. Rc1 {[%clk 0:19:32]} Kd8 {[%clk 0:00:35]} 32. Rc5 {[%clk 0:19:39]} g6
{[%clk 0:00:35]} 33. h4 {[%clk 0:19:45]} Re7 {[%clk 0:00:34]} 34. h5 {[%clk
0:18:10]} gxh5 {[%clk 0:00:36]} 35. Bf5 {[%clk 0:18:30]} Ke8 {[%clk 0:00:31]}
36. Kg2 {[%clk 0:18:27]} Kf8 {[%clk 0:00:44]} 37. Kh3 {[%clk 0:18:24]} Ne6
{[%clk 0:00:33]} 38. Bxe6 {[%clk 0:17:14]} Rxe6 {[%clk 0:00:58]} 39. Rc8+
{[%clk 0:17:40]} Kf7 {[%clk 0:00:38]} 40. Rc7+ {[%clk 0:18:06]} Re7 {[%clk
0:00:41]} 41. Rxe7+ {[%clk 0:18:05]} Kxe7 {[%clk 0:01:06]} 42. Kh4 {[%clk
0:18:32]} Kd6 {[%clk 0:20:17]} 43. Kg5 {[%clk 0:47:54]} Ke6 {[%clk 0:19:25]}
44. Kxh5 {[%clk 0:47:51]} Kd6 {[%clk 0:19:49]} 45. Kg5 {[%clk 0:48:12]} Ke6
{[%clk 0:19:31]} 46. g4 {[%clk 0:48:31]} 1-0

[Event "DVM U16 2020"]
[Site "Willingen GER"]
[Date "2021.06.26"]
[Round "5"]
[White "Schäfer, Konstantin"]
[Black "Schubert, Nikita"]
[Result "0-1"]
[Termination "normal"]
[Board "2.3"]
[WhiteElo "1754"]
[BlackElo "1917"]
[WhiteClock "00:12:52"]
[BlackClock "00:04:38"]
[WhiteTeam "Schachgemeinschaft Leipzig"]
[BlackTeam "ESV Gera"]
[PlyCount "66"]
[WhiteFideId "16240510"]
[BlackFideId "16212339"]
[EventCountry "GER"]
[EventRounds "7"]
[EventType "team-swiss"]
[EventDate "2021.06.23"]

1. e4 {[%clk 1:30:59]} e5 {[%clk 1:30:52]} 2. Nf3 {[%clk 1:31:25]} Nc6 {[%clk
1:31:14]} 3. Bc4 {[%clk 1:31:52]} Bc5 {[%clk 1:31:26]} 4. c3 {[%clk 1:32:06]}
Nf6 {[%clk 1:31:47]} 5. d3 {[%clk 1:32:33]} O-O {[%clk 1:31:40]} 6. O-O {[%clk
1:32:55]} d5 {[%clk 1:32:00]} 7. exd5 {[%clk 1:33:20]} Nxd5 {[%clk 1:32:21]} 8.
Re1 {[%clk 1:33:46]} Bg4 {[%clk 1:32:01]} 9. h3 {[%clk 1:34:12]} Bh5 {[%clk
1:30:51]} 10. Nbd2 {[%clk 1:34:32]} Nb6 {[%clk 1:30:07]} 11. b4 {[%clk
1:34:37]} Bd6 {[%clk 1:14:08]} 12. Bb3 {[%clk 1:34:46]} Kh8 {[%clk 1:12:57]}
13. Ne4 {[%clk 1:28:43]} f6 {[%clk 1:08:37]} 14. Bb2 {[%clk 1:17:52]} a6 {[%clk
0:58:09]} 15. a3 {[%clk 1:10:32]} Be7 {[%clk 0:50:45]} 16. c4 {[%clk 1:01:37]}
a5 {[%clk 0:39:10]} 17. b5 {[%clk 0:59:33]} Bxf3 {[%clk 0:37:41]} 18. Qxf3
{[%clk 0:55:48]} Nd4 {[%clk 0:37:22]} 19. Qd1 {[%clk 0:53:56]} Nd7 {[%clk
0:34:03]} 20. Bxd4 {[%clk 0:51:21]} exd4 {[%clk 0:32:16]} 21. Qh5 {[%clk
0:44:42]} f5 {[%clk 0:24:08]} 22. Ng3 {[%clk 0:37:43]} Bd6 {[%clk 0:22:18]} 23.
Ne2 {[%clk 0:31:11]} Qf6 {[%clk 0:19:38]} 24. Bc2 {[%clk 0:27:59]} Rae8 {[%clk
0:11:59]} 25. Qf3 {[%clk 0:24:52]} Qe5 {[%clk 0:10:09]} 26. Ng3 {[%clk
0:21:03]} Qxe1+ {[%clk 0:09:40]} 27. Rxe1 {[%clk 0:21:28]} Rxe1+ {[%clk
0:10:02]} 28. Kh2 {[%clk 0:21:31]} b6 {[%clk 0:08:33]} 29. a4 {[%clk 0:14:38]}
h6 {[%clk 0:04:15]} 30. h4 {[%clk 0:13:36]} Ne5 {[%clk 0:04:06]} 31. Qd5 {[%clk
0:11:59]} Ng4+ {[%clk 0:04:19]} 32. Kh3 {[%clk 0:12:25]} Nxf2+ {[%clk 0:04:38]}
33. Kh2 {[%clk 0:12:52]} Rh1# 0-1

[Event "DVM U16 2020"]
[Site "Willingen GER"]
[Date "2021.06.26"]
[Round "5"]
[White "Frank, Marek"]
[Black "Zinke, Mirko"]
[Result "1/2-1/2"]
[Termination "normal"]
[Board "2.4"]
[WhiteElo "1439"]
[BlackElo "1534"]
[WhiteClock "00:05:06"]
[BlackClock "00:09:51"]
[WhiteTeam "ESV Gera"]
[BlackTeam "Schachgemeinschaft Leipzig"]
[PlyCount "71"]
[WhiteFideId "16239520"]
[BlackFideId "16240600"]
[EventCountry "GER"]
[EventRounds "7"]
[EventType "team-swiss"]
[EventDate "2021.06.23"]

1. e4 {[%clk 1:30:54]} d5 {[%clk 1:30:18]} 2. exd5 {[%clk 1:31:15]} Nf6 {[%clk
1:30:42]} 3. d4 {[%clk 1:31:29]} Qxd5 {[%clk 1:30:50]} 4. Nf3 {[%clk 1:31:12]}
Bg4 {[%clk 1:22:14]} 5. Be2 {[%clk 1:30:21]} c6 {[%clk 1:21:31]} 6. O-O {[%clk
1:25:54]} e6 {[%clk 1:17:50]} 7. Bf4 {[%clk 1:24:30]} Qd8 {[%clk 1:15:11]} 8.
c3 {[%clk 1:14:21]} Bd6 {[%clk 1:13:04]} 9. Bg3 {[%clk 1:05:56]} O-O {[%clk
1:08:18]} 10. Nbd2 {[%clk 1:05:12]} Bxg3 {[%clk 0:57:15]} 11. fxg3 {[%clk
1:03:59]} Nd5 {[%clk 0:53:50]} 12. Qb3 {[%clk 1:00:48]} Qc7 {[%clk 0:53:27]}
13. Bd3 {[%clk 0:55:55]} Bh5 {[%clk 0:46:04]} 14. Rae1 {[%clk 0:46:37]} Nd7
{[%clk 0:42:48]} 15. Nh4 {[%clk 0:34:34]} e5 {[%clk 0:32:09]} 16. Ndf3 {[%clk
0:25:20]} exd4 {[%clk 0:26:17]} 17. Nxd4 {[%clk 0:24:13]} Nc5 {[%clk 0:24:25]}
18. Qc2 {[%clk 0:22:14]} Nxd3 {[%clk 0:24:17]} 19. Qxd3 {[%clk 0:22:37]} Rae8
{[%clk 0:21:42]} 20. Ndf5 {[%clk 0:20:07]} Bg6 {[%clk 0:19:01]} 21. Qd4 {[%clk
0:17:48]} Bxf5 {[%clk 0:16:52]} 22. Nxf5 {[%clk 0:18:10]} Qb6 {[%clk 0:17:03]}
23. Qxb6 {[%clk 0:17:47]} axb6 {[%clk 0:17:12]} 24. Nd6 {[%clk 0:17:46]} Rd8
{[%clk 0:16:26]} 25. Nf5 {[%clk 0:14:01]} b5 {[%clk 0:15:33]} 26. Kf2 {[%clk
0:11:17]} g6 {[%clk 0:15:09]} 27. Nd4 {[%clk 0:10:45]} Ra8 {[%clk 0:14:15]} 28.
a3 {[%clk 0:09:51]} Rfe8 {[%clk 0:13:47]} 29. Rxe8+ {[%clk 0:09:58]} Rxe8
{[%clk 0:14:09]} 30. Rd1 {[%clk 0:10:13]} Nb6 {[%clk 0:13:34]} 31. Nc2 {[%clk
0:08:37]} Re7 {[%clk 0:13:22]} 32. b3 {[%clk 0:08:18]} Rd7 {[%clk 0:10:25]} 33.
Rxd7 {[%clk 0:07:10]} Nxd7 {[%clk 0:10:51]} 34. Ke3 {[%clk 0:06:47]} Kf8 {[%clk
0:10:32]} 35. Kf4 {[%clk 0:05:38]} f6 {[%clk 0:09:51]} 36. Ne3 {[%clk 0:05:06]}
1/2-1/2

[Event "DVM U16 2020"]
[Site "Willingen GER"]
[Date "2021.06.26"]
[Round "5"]
[White "Sulayev, Daniel"]
[Black "Weihrauch, Jakob"]
[Result "0-1"]
[Termination "normal"]
[Board "3.1"]
[WhiteElo "2209"]
[BlackElo "2146"]
[WhiteClock "00:03:49"]
[BlackClock "00:07:39"]
[WhiteTeam "SV Empor Berlin e.V."]
[BlackTeam "Hamburger SK von 1830"]
[PlyCount "64"]
[WhiteFideId "12977675"]
[BlackFideId "16210115"]
[EventCountry "GER"]
[EventRounds "7"]
[EventType "team-swiss"]
[EventDate "2021.06.23"]

1. c4 {[%clk 1:30:58]} e6 {[%clk 1:30:43]} 2. Nc3 {[%clk 1:31:19]} d5 {[%clk
1:30:28]} 3. e3 {[%clk 1:31:33]} Nf6 {[%clk 1:30:29]} 4. Nf3 {[%clk 1:31:56]}
Be7 {[%clk 1:29:34]} 5. b3 {[%clk 1:32:13]} O-O {[%clk 1:29:55]} 6. Bb2 {[%clk
1:32:40]} b6 {[%clk 1:26:39]} 7. cxd5 {[%clk 1:32:06]} exd5 {[%clk 1:27:03]} 8.
d4 {[%clk 1:32:24]} Bb7 {[%clk 1:21:57]} 9. Bd3 {[%clk 1:32:40]} c5 {[%clk
1:22:07]} 10. O-O {[%clk 1:31:42]} Nbd7 {[%clk 1:21:25]} 11. Ne5 {[%clk
1:26:40]} cxd4 {[%clk 1:16:24]} 12. exd4 {[%clk 1:27:08]} a6 {[%clk 1:08:35]}
13. Qe2 {[%clk 1:01:32]} b5 {[%clk 1:06:01]} 14. Rae1 {[%clk 0:58:03]} Bd6
{[%clk 0:55:10]} 15. f4 {[%clk 0:50:30]} b4 {[%clk 0:49:29]} 16. Na4 {[%clk
0:47:01]} Ra7 {[%clk 0:27:41]} 17. Rf3 {[%clk 0:35:07]} Ne4 {[%clk 0:27:32]}
18. Rh3 {[%clk 0:34:50]} f5 {[%clk 0:22:36]} 19. g4 {[%clk 0:24:49]} fxg4
{[%clk 0:10:38]} 20. Qxg4 {[%clk 0:24:54]} Nxe5 {[%clk 0:07:25]} 21. dxe5
{[%clk 0:13:41]} Bc8 {[%clk 0:07:50]} 22. Qh5 {[%clk 0:10:07]} Bxh3 {[%clk
0:07:52]} 23. Qxh3 {[%clk 0:10:34]} Bb8 {[%clk 0:06:08]} 24. Qe6+ {[%clk
0:02:43]} Raf7 {[%clk 0:06:04]} 25. Bxe4 {[%clk 0:01:42]} dxe4 {[%clk 0:06:07]}
26. Rxe4 {[%clk 0:01:56]} Qd1+ {[%clk 0:06:07]} 27. Kg2 {[%clk 0:02:12]} Qc2+
{[%clk 0:06:09]} 28. Kf3 {[%clk 0:02:41]} Qd3+ {[%clk 0:06:26]} 29. Re3 {[%clk
0:02:52]} Qf1+ {[%clk 0:06:51]} 30. Ke4 {[%clk 0:03:04]} Qxf4+ {[%clk 0:07:17]}
31. Kd3 {[%clk 0:03:33]} Rd8+ {[%clk 0:07:39]} 32. Ke2 {[%clk 0:03:49]} Qf2#
0-1

[Event "DVM U16 2020"]
[Site "Willingen GER"]
[Date "2021.06.26"]
[Round "5"]
[White "Kotyk, Michael"]
[Black "Mankel, Luca"]
[Result "1/2-1/2"]
[Termination "normal"]
[Board "3.2"]
[WhiteElo "1960"]
[BlackElo "1917"]
[WhiteClock "00:10:25"]
[BlackClock "00:26:12"]
[WhiteTeam "Hamburger SK von 1830"]
[BlackTeam "SV Empor Berlin e.V."]
[PlyCount "65"]
[WhiteFideId "16214501"]
[BlackFideId "16253876"]
[EventCountry "GER"]
[EventRounds "7"]
[EventType "team-swiss"]
[EventDate "2021.06.23"]

1. d4 {[%clk 1:30:57]} d5 {[%clk 1:30:57]} 2. c4 {[%clk 1:31:15]} e6 {[%clk
1:31:24]} 3. Nc3 {[%clk 1:31:37]} c6 {[%clk 1:31:51]} 4. e3 {[%clk 1:29:07]} f5
{[%clk 1:32:09]} 5. g4 {[%clk 1:27:38]} Nf6 {[%clk 1:30:11]} 6. g5 {[%clk
1:26:08]} Ne4 {[%clk 1:30:22]} 7. Nxe4 {[%clk 1:24:59]} fxe4 {[%clk 1:30:36]}
8. h4 {[%clk 1:24:48]} Bd6 {[%clk 1:29:43]} 9. Nh3 {[%clk 1:10:23]} O-O {[%clk
1:18:05]} 10. Bd2 {[%clk 1:00:18]} Na6 {[%clk 1:13:23]} 11. Bc3 {[%clk
0:54:22]} Rb8 {[%clk 1:05:59]} 12. Qh5 {[%clk 0:46:47]} Qe8 {[%clk 1:00:32]}
13. Qxe8 {[%clk 0:43:44]} Rxe8 {[%clk 0:59:42]} 14. Be2 {[%clk 0:43:15]} b6
{[%clk 0:56:12]} 15. O-O-O {[%clk 0:39:42]} Nb4 {[%clk 0:54:22]} 16. Bxb4
{[%clk 0:37:47]} Bxb4 {[%clk 0:52:53]} 17. f3 {[%clk 0:35:48]} exf3 {[%clk
0:51:26]} 18. Bxf3 {[%clk 0:36:13]} Ba6 {[%clk 0:51:52]} 19. a3 {[%clk
0:34:16]} Bd6 {[%clk 0:51:37]} 20. cxd5 {[%clk 0:33:27]} exd5 {[%clk 0:51:51]}
21. Kd2 {[%clk 0:33:33]} Re7 {[%clk 0:50:29]} 22. Rc1 {[%clk 0:31:36]} Bb5
{[%clk 0:49:18]} 23. Rce1 {[%clk 0:24:05]} Rf8 {[%clk 0:42:03]} 24. Be2 {[%clk
0:22:31]} Bg3 {[%clk 0:32:04]} 25. Bxb5 {[%clk 0:12:23]} Bxe1+ {[%clk 0:30:03]}
26. Rxe1 {[%clk 0:12:49]} cxb5 {[%clk 0:30:31]} 27. Nf4 {[%clk 0:13:02]} Rd8
{[%clk 0:27:41]} 28. Rc1 {[%clk 0:12:43]} Kf7 {[%clk 0:27:41]} 29. Rc6 {[%clk
0:11:04]} Rdd7 {[%clk 0:26:22]} 30. Rc8 {[%clk 0:09:55]} Re8 {[%clk 0:25:55]}
31. Rc6 {[%clk 0:10:01]} Ree7 {[%clk 0:25:48]} 32. Rc8 {[%clk 0:10:25]} Re8
{[%clk 0:26:12]} 33. Rc6 1/2-1/2

[Event "DVM U16 2020"]
[Site "Willingen GER"]
[Date "2021.06.26"]
[Round "5"]
[White "Breitzmann, Sander"]
[Black "von Krosigk, Florian"]
[Result "0-1"]
[Termination "normal"]
[Board "3.3"]
[WhiteElo "1821"]
[BlackElo "1941"]
[WhiteClock "00:07:02"]
[BlackClock "00:02:51"]
[WhiteTeam "SV Empor Berlin e.V."]
[BlackTeam "Hamburger SK von 1830"]
[PlyCount "82"]
[WhiteFideId "12987085"]
[BlackFideId "16227808"]
[EventCountry "GER"]
[EventRounds "7"]
[EventType "team-swiss"]
[EventDate "2021.06.23"]

1. e4 {[%clk 1:30:58]} e5 {[%clk 1:30:53]} 2. Nf3 {[%clk 1:31:17]} Nc6 {[%clk
1:31:17]} 3. Bc4 {[%clk 1:31:44]} Bc5 {[%clk 1:31:39]} 4. d3 {[%clk 1:32:08]}
Nf6 {[%clk 1:31:18]} 5. Bb3 {[%clk 1:32:18]} O-O {[%clk 1:29:50]} 6. Bg5 {[%clk
1:26:53]} d6 {[%clk 1:23:37]} 7. c3 {[%clk 1:26:43]} a6 {[%clk 1:20:38]} 8.
Nbd2 {[%clk 1:26:56]} h6 {[%clk 1:12:20]} 9. Be3 {[%clk 1:20:53]} Kh8 {[%clk
0:57:02]} 10. h3 {[%clk 1:17:07]} Bxe3 {[%clk 0:50:20]} 11. fxe3 {[%clk
1:17:32]} d5 {[%clk 0:50:04]} 12. exd5 {[%clk 1:16:59]} Nxd5 {[%clk 0:49:53]}
13. Qe2 {[%clk 1:14:22]} f5 {[%clk 0:45:32]} 14. O-O-O {[%clk 1:13:31]} Be6
{[%clk 0:36:04]} 15. g3 {[%clk 1:13:07]} Qe7 16. Nh4 {[%clk 1:09:40]} Rf6
{[%clk 0:20:31]} 17. e4 {[%clk 1:07:29]} Nb6 {[%clk 0:18:18]} 18. exf5 {[%clk
1:04:28]} Bxf5 {[%clk 0:17:06]} 19. g4 {[%clk 0:51:00]} Bh7 {[%clk 0:16:15]}
20. Ne4 {[%clk 0:45:51]} Rff8 {[%clk 0:14:19]} 21. Ng2 {[%clk 0:40:31]} Na5
{[%clk 0:13:31]} 22. Bc2 {[%clk 0:39:51]} Nd5 {[%clk 0:13:48]} 23. h4 {[%clk
0:33:39]} Nf4 {[%clk 0:08:38]} 24. Nxf4 {[%clk 0:33:54]} Rxf4 {[%clk 0:08:12]}
25. g5 {[%clk 0:29:40]} Bxe4 {[%clk 0:07:47]} 26. dxe4 {[%clk 0:30:05]} Rxh4
{[%clk 0:07:53]} 27. gxh6 {[%clk 0:26:24]} Rxh6 {[%clk 0:04:44]} 28. Rh5 {[%clk
0:21:17]} Qe6 {[%clk 0:02:31]} 29. Rdh1 {[%clk 0:19:08]} Kh7 {[%clk 0:02:13]}
30. b4 {[%clk 0:10:34]} Nc4 {[%clk 0:00:42]} 31. Bb3 {[%clk 0:10:59]} b5 {[%clk
0:01:09]} 32. Bxc4 {[%clk 0:09:57]} bxc4 {[%clk 0:00:49]} 33. R1h4 {[%clk
0:08:36]} Rf8 {[%clk 0:00:41]} 34. Qh2 {[%clk 0:08:55]} Rf1+ {[%clk 0:00:43]}
35. Kc2 {[%clk 0:09:21]} Qf6 {[%clk 0:01:08]} 36. Rf5 {[%clk 0:05:51]} Rxf5
{[%clk 0:01:22]} 37. Rxh6+ {[%clk 0:06:04]} Qxh6 {[%clk 0:01:41]} 38. Qxh6+
{[%clk 0:06:30]} gxh6 {[%clk 0:01:51]} 39. exf5 {[%clk 0:06:59]} Kg7 {[%clk
0:02:03]} 40. Kd2 {[%clk 0:06:35]} Kf6 {[%clk 0:02:27]} 41. a4 {[%clk 0:07:02]}
c6 {[%clk 0:02:51]} 0-1

[Event "DVM U16 2020"]
[Site "Willingen GER"]
[Date "2021.06.26"]
[Round "5"]
[White "Mandelkow, Elias"]
[Black "Ellert, Oliver"]
[Result "0-1"]
[Termination "normal"]
[Board "3.4"]
[WhiteElo "1782"]
[BlackElo "1686"]
[WhiteClock "00:20:12"]
[BlackClock "00:07:35"]
[WhiteTeam "Hamburger SK von 1830"]
[BlackTeam "SV Empor Berlin e.V."]
[PlyCount "124"]
[WhiteFideId "16233239"]
[BlackFideId "16246241"]
[EventCountry "GER"]
[EventRounds "7"]
[EventType "team-swiss"]
[EventDate "2021.06.23"]

1. d4 {[%clk 1:30:34]} Nf6 {[%clk 1:30:55]} 2. c4 {[%clk 1:30:59]} c5 {[%clk
1:31:21]} 3. Nf3 {[%clk 1:31:08]} g6 {[%clk 1:30:38]} 4. Nc3 {[%clk 1:30:23]}
Bg7 {[%clk 1:29:24]} 5. e4 {[%clk 1:27:06]} O-O {[%clk 1:27:55]} 6. Be2 {[%clk
1:25:03]} cxd4 {[%clk 1:24:54]} 7. Nxd4 {[%clk 1:25:01]} Nc6 {[%clk 1:24:59]}
8. Be3 {[%clk 1:24:52]} d6 {[%clk 1:22:22]} 9. O-O {[%clk 1:24:14]} Bd7 {[%clk
1:18:24]} 10. f3 {[%clk 1:22:29]} Ne8 {[%clk 1:16:42]} 11. Qd2 {[%clk 1:21:10]}
Nc7 {[%clk 1:15:09]} 12. Rab1 {[%clk 1:16:32]} Ne6 {[%clk 1:14:27]} 13. Nxe6
{[%clk 1:15:39]} Bxe6 {[%clk 1:14:35]} 14. Nd5 {[%clk 1:15:19]} b6 {[%clk
1:03:52]} 15. b4 {[%clk 1:12:01]} Rb8 {[%clk 1:03:23]} 16. a4 {[%clk 1:08:50]}
Qd7 {[%clk 1:03:11]} 17. Qa2 {[%clk 1:01:00]} Kh8 {[%clk 0:55:11]} 18. Rfd1
{[%clk 1:00:00]} Rfd8 {[%clk 0:44:32]} 19. a5 {[%clk 0:56:13]} bxa5 {[%clk
0:43:17]} 20. b5 {[%clk 0:55:51]} Ne5 {[%clk 0:30:46]} 21. Qxa5 {[%clk
0:52:10]} Rb7 {[%clk 0:30:00]} 22. c5 {[%clk 0:49:36]} Bxd5 {[%clk 0:27:22]}
23. Rxd5 {[%clk 0:48:49]} Qc7 {[%clk 0:27:05]} 24. Qxc7 {[%clk 0:45:27]} Rxc7
{[%clk 0:27:13]} 25. b6 {[%clk 0:45:00]} Rb7 {[%clk 0:24:56]} 26. Rxe5 {[%clk
0:39:44]} Bxe5 {[%clk 0:23:35]} 27. f4 {[%clk 0:38:40]} dxc5 {[%clk 0:22:16]}
28. fxe5 {[%clk 0:37:14]} Rxb6 {[%clk 0:16:08]} 29. Ra1 {[%clk 0:24:29]} Re6
{[%clk 0:14:52]} 30. Bc4 {[%clk 0:21:52]} Rxe5 {[%clk 0:14:11]} 31. Bd5 {[%clk
0:21:20]} Rdxd5 {[%clk 0:14:27]} 32. exd5 {[%clk 0:21:30]} Rxe3 {[%clk
0:14:41]} 33. Rxa7 {[%clk 0:21:48]} Re5 {[%clk 0:13:56]} 34. Rc7 {[%clk
0:21:54]} Kg7 {[%clk 0:13:30]} 35. Rxc5 {[%clk 0:21:55]} e6 {[%clk 0:13:40]}
36. Kf2 {[%clk 0:21:59]} Rxd5 {[%clk 0:13:33]} 37. Rc7 {[%clk 0:22:19]} Rd3
{[%clk 0:13:04]} 38. Ra7 {[%clk 0:21:36]} Kf6 {[%clk 0:12:59]} 39. Ra5 {[%clk
0:21:37]} Rb3 {[%clk 0:12:49]} 40. Rc5 {[%clk 0:21:32]} h6 {[%clk 0:11:38]} 41.
Ra5 {[%clk 0:21:40]} g5 {[%clk 0:11:42]} 42. Rc5 {[%clk 0:21:49]} Kg6 {[%clk
0:10:48]} 43. Ra5 {[%clk 0:21:32]} Rb2+ {[%clk 0:10:59]} 44. Kf3 {[%clk
0:21:29]} h5 {[%clk 0:09:44]} 45. h3 {[%clk 0:21:50]} f5 {[%clk 0:09:13]} 46.
Ra8 {[%clk 0:22:00]} g4+ {[%clk 0:09:13]} 47. hxg4 {[%clk 0:22:08]} hxg4+
{[%clk 0:09:38]} 48. Kg3 {[%clk 0:22:27]} Kg5 {[%clk 0:09:25]} 49. Rg8+ {[%clk
0:22:49]} Kf6 {[%clk 0:09:49]} 50. Rf8+ {[%clk 0:22:53]} Ke5 {[%clk 0:10:07]}
51. Rf7 {[%clk 0:22:59]} Ke4 {[%clk 0:09:57]} 52. Ra7 {[%clk 0:22:39]} Rd2
{[%clk 0:09:51]} 53. Ra6 {[%clk 0:22:21]} e5 {[%clk 0:09:20]} 54. Ra4+ {[%clk
0:22:40]} Rd4 {[%clk 0:09:40]} 55. Ra2 {[%clk 0:22:48]} Rd3+ {[%clk 0:09:52]}
56. Kf2 {[%clk 0:22:25]} f4 {[%clk 0:09:43]} 57. Ra4+ {[%clk 0:21:15]} Rd4
{[%clk 0:07:32]} 58. Ra3 {[%clk 0:21:38]} Rd2+ {[%clk 0:07:31]} 59. Kf1 {[%clk
0:22:02]} f3 {[%clk 0:06:53]} 60. gxf3+ {[%clk 0:21:27]} gxf3 {[%clk 0:07:16]}
61. Ra4+ {[%clk 0:21:12]} Ke3 {[%clk 0:07:33]} 62. Ra1 {[%clk 0:20:12]} e4
{[%clk 0:07:35]} 0-1

[Event "DVM U16 2020"]
[Site "Willingen GER"]
[Date "2021.06.26"]
[Round "5"]
[White "Burgtorf, Benjamin"]
[Black "Pahl, Erik"]
[Result "0-1"]
[Termination "normal"]
[Board "4.1"]
[WhiteElo "1773"]
[BlackElo "2110"]
[WhiteClock "00:09:06"]
[BlackClock "00:14:44"]
[WhiteTeam "SchVgg Blankenese von 1923 e.V."]
[BlackTeam "Delmenhorster SK"]
[PlyCount "52"]
[WhiteFideId "16242920"]
[BlackFideId "16201272"]
[EventCountry "GER"]
[EventRounds "7"]
[EventType "team-swiss"]
[EventDate "2021.06.23"]

1. d4 {[%clk 1:30:34]} Nf6 {[%clk 1:30:36]} 2. c4 {[%clk 1:30:53]} Nc6 {[%clk
1:29:03]} 3. Nf3 {[%clk 1:27:40]} d6 {[%clk 1:28:55]} 4. Nc3 {[%clk 1:26:17]}
e5 {[%clk 1:29:14]} 5. Bg5 {[%clk 1:22:24]} exd4 {[%clk 1:22:15]} 6. Nxd4
{[%clk 1:20:24]} h6 {[%clk 1:22:35]} 7. Bh4 {[%clk 1:14:08]} g5 {[%clk
1:22:53]} 8. Nxc6 {[%clk 1:11:53]} bxc6 {[%clk 1:22:16]} 9. Bg3 {[%clk
1:12:13]} Bg7 {[%clk 1:19:08]} 10. Qc2 {[%clk 1:06:14]} Be6 {[%clk 1:13:43]}
11. e3 {[%clk 1:04:44]} O-O {[%clk 1:12:22]} 12. Bd3 {[%clk 1:01:57]} Qe7
{[%clk 1:08:36]} 13. h4 {[%clk 0:58:12]} Nh5 {[%clk 1:05:49]} 14. Bh7+ {[%clk
0:51:19]} Kh8 {[%clk 1:04:41]} 15. Bh2 {[%clk 0:48:28]} g4 {[%clk 1:03:55]} 16.
Bd3 {[%clk 0:46:53]} a5 {[%clk 1:00:19]} 17. O-O-O {[%clk 0:39:35]} d5 {[%clk
0:48:56]} 18. Kb1 {[%clk 0:35:55]} dxc4 {[%clk 0:43:25]} 19. Be4 {[%clk
0:34:25]} Ra6 {[%clk 0:42:50]} 20. Qd2 {[%clk 0:29:15]} Rb8 {[%clk 0:38:03]}
21. Na4 {[%clk 0:25:42]} c3 {[%clk 0:27:25]} 22. Qd3 {[%clk 0:22:01]} Qb4
{[%clk 0:17:22]} 23. Bd6 {[%clk 0:11:56]} Qxa4 {[%clk 0:14:31]} 24. Ba3 {[%clk
0:11:08]} Rxb2+ {[%clk 0:14:08]} 25. Kc1 {[%clk 0:10:06]} Qxa3 {[%clk 0:14:22]}
26. Qd8+ {[%clk 0:09:06]} Bf8 {[%clk 0:14:44]} 0-1